LEADER 00883nam0-2200313---450- 001 990009430790403321 005 20110923094000.0 035 $a000943079 035 $aFED01000943079 035 $a(Aleph)000943079FED01 035 $a000943079 100 $a20110923d1973----km-y0itay50------ba 101 0 $aita 102 $aIT 105 $ay-------000yy 200 1 $a<> generazione alternante$fGiuseppe Catalano 210 $aFirenze$cLe monnier$d1973 215 $aP. 257-267$d24 cm 300 $aEstr. da: Le scienze, fasc. 5-6, 1973 610 0 $aPiante$aEvoluzione 676 $a581.3$v20$zita 700 1$aCatalano,$bGiuseppe$f<1888-1981>$0492715 801 0$aIT$bUNINA$gRICA$2UNIMARC 901 $aBK 912 $a990009430790403321 952 $a60 DONO CATALANO 98$b13391$fFAGBC 959 $aFAGBC 996 $aGenerazione alternante$9759615 997 $aUNINA LEADER 01220nam--2200373---450- 001 990002852220203316 005 20071107093711.0 035 $a000285222 035 $aUSA01000285222 035 $a(ALEPH)000285222USA01 035 $a000285222 100 $a20070110d1976----km-y0itay50------ba 105 $a||||||||001yy 200 1 $a<> evoluzionismo$euna antologia degli scritti di Lamark, Darwin, Huxley, Haecke con saggi storico-critici di Montamelli, Omodeo, Cassier, Farrigton, Medawar$fa cura di Vittorio Somenzi 210 $aTorino$cLoescher$d1976 215 $aXII, 297 p.$d20 cm 225 2 $aClassici della filosofia 410 0$12001$aClassici della filosofia 454 1$12001 461 1$1001-------$12001 606 0 $aEvoluzione$xSaggi 676 $a575 700 1$aSOMENZI,$bVittorio$039128 801 0$aIT$bsalbc$gISBD 912 $a990002852220203316 951 $aFS 186$b170096 L.M. 959 $aBK 969 $aFS 979 $aPLACANICA$b10$c20070110$lUSA01$h1025 979 $aPLACANICA$b10$c20070112$lUSA01$h1000 979 $aPLACANICA$b10$c20071030$lUSA01$h0953 979 $aPLACANICA$b10$c20071107$lUSA01$h0937 996 $aEvoluzionismo$9811408 997 $aUNISA